00486nam a2200145Ia 4500100001300000942000700013654001900020245006700039260004500106082001500151300000800166546001200174999001700186952013700203 aMar Amy  cBK aDigital signal aDigital signal processing Application using ADSP-200 Family bPrentice Hall of IndiaaNew Jerseyc1990 a621.381043 a585 aENGLISH c30534d30534 001040708CRCaCRCEbCRCEc1425 | 24d2023-03-17eglobal booksg1807.30l0o621.381043 p7522r2023-03-17v1807.30w2023-03-17yBK